| 000 -LEADER |
| fixed length control field |
01369 a2200277 4500 |
| 003 - CONTROL NUMBER IDENTIFIER |
| control field |
Nust |
| 005 - DATE AND TIME OF LATEST TRANSACTION |
| control field |
20220816191611.0 |
| 010 ## - LIBRARY OF CONGRESS CONTROL NUMBER |
| LC control number |
2005276533 |
| 020 ## - INTERNATIONAL STANDARD BOOK NUMBER |
| International Standard Book Number |
0470013516 |
| 035 ## - SYSTEM CONTROL NUMBER |
| System control number |
(OCoLC)ocm57692300 |
| 040 ## - CATALOGING SOURCE |
| Transcribing agency |
Nust |
| 082 00 - DEWEY DECIMAL CLASSIFICATION NUMBER |
| Classification number |
621.3821,KRE |
| 100 1# - MAIN ENTRY--PERSONAL NAME |
| Personal name |
Kreher, Ralf. |
| 9 (RLIN) |
97515 |
| 245 10 - TITLE STATEMENT |
| Title |
UMTS signalling : |
| Remainder of title |
UMTS interfaces, protocols, message flows and procedures analyzed and explained / |
| Statement of responsibility, etc. |
Ralf Kreher and Torsten R赤enbusch. |
| 260 ## - PUBLICATION, DISTRIBUTION, ETC. |
| Place of publication, distribution, etc. |
Chichester, West Sussex, England ; |
| -- |
Hoboken, NJ : |
| Name of publisher, distributor, etc. |
John Wiley & Sons, |
| Date of publication, distribution, etc. |
2005. |
| 300 ## - PHYSICAL DESCRIPTION |
| Extent |
xii, 438 p. : |
| Other physical details |
ill. ; |
| Dimensions |
26 cm. |
| 505 ## - FORMATTED CONTENTS NOTE |
| Formatted contents note |
UMTS Basic (Page-1), Short Interdouction to Network Monitoring, Troubleshooting and Network Optimization (Page-133), UMTS UTRAN Signaling Procedures (Page-149), Sigaling Procedures in The 3G Core Network (Page-351). |
| 650 #0 - SUBJECT ADDED ENTRY--TOPICAL TERM |
| Topical term or geographic name entry element |
Telecommunication Engineering |
| 650 #0 - SUBJECT ADDED ENTRY--TOPICAL TERM |
| Topical term or geographic name entry element |
Telecommunication |
| General subdivision |
Message processing. |
| 9 (RLIN) |
97516 |
| 650 #0 - SUBJECT ADDED ENTRY--TOPICAL TERM |
| Topical term or geographic name entry element |
Telecommunication |
| General subdivision |
Quality control. |
| 9 (RLIN) |
97517 |
| 700 1# - ADDED ENTRY--PERSONAL NAME |
| Personal name |
R赤enbusch, Torsten. |
| 9 (RLIN) |
97518 |
| 856 42 - ELECTRONIC LOCATION AND ACCESS |
| Materials specified |
Contributor biographical information |
| Uniform Resource Identifier |
<a href="http://www.loc.gov/catdir/enhancements/fy0626/2005276533-b.html">http://www.loc.gov/catdir/enhancements/fy0626/2005276533-b.html</a> |
| 856 42 - ELECTRONIC LOCATION AND ACCESS |
| Materials specified |
Publisher description |
| Uniform Resource Identifier |
<a href="http://www.loc.gov/catdir/enhancements/fy0626/2005276533-d.html">http://www.loc.gov/catdir/enhancements/fy0626/2005276533-d.html</a> |
| 856 42 - ELECTRONIC LOCATION AND ACCESS |
| Materials specified |
Table of contents only |
| Uniform Resource Identifier |
<a href="http://www.loc.gov/catdir/enhancements/fy0626/2005276533-t.html">http://www.loc.gov/catdir/enhancements/fy0626/2005276533-t.html</a> |
| 942 ## - ADDED ENTRY ELEMENTS (KOHA) |
| Koha item type |
Reference |
| Source of classification or shelving scheme |
|